How to find a job on linkedIn, facebook, twitter, and google+ / (Record no. 25586)
[ view plain ]
| 000 -LEADER | |
|---|---|
| fixed length control field | 01286nam a22002777a 4500 |
| 003 - CONTROL NUMBER IDENTIFIER | |
| control field | SISC |
| 005 - DATE AND TIME OF LATEST TRANSACTION | |
| control field | 20170130112232.0 |
| 008 - FIXED-LENGTH DATA ELEMENTS--GENERAL INFORMATION | |
| fixed length control field | 131116b xxu||||| |||| 00| 0 eng d |
| 020 ## - INTERNATIONAL STANDARD BOOK NUMBER | |
| International Standard Book Number | 9780071790437 |
| 050 ## - LIBRARY OF CONGRESS CALL NUMBER | |
| Classification number | HF 5382.7 |
| Item number | .Sc34 2012 |
| 100 ## - MAIN ENTRY--PERSONAL NAME | |
| Personal name | Schepp, Debra. |
| 245 ## - TITLE STATEMENT | |
| Title | How to find a job on linkedIn, facebook, twitter, and google+ / |
| Statement of responsibility, etc | Debra Schepp, Brad Schepp. |
| 250 ## - EDITION STATEMENT | |
| Edition statement | 2nd edition. |
| 260 ## - PUBLICATION, DISTRIBUTION, ETC. (IMPRINT) | |
| Place of publication, distribution, etc | New York : |
| Name of publisher, distributor, etc | McGraw-Hill, |
| Date of publication, distribution, etc | 2012. |
| 300 ## - PHYSICAL DESCRIPTION | |
| Extent | 253 pages : |
| Other physical details | illustrations ; |
| Dimensions | 24 cm. |
| 504 ## - BIBLIOGRAPHY, ETC. NOTE | |
| Bibliography, etc | Includes Index. |
| 505 ## - FORMATTED CONTENTS NOTE | |
| Formatted contents note | Getting LinkedIn -- Putting the work in social networking -- Create your best profile -- Build and work your LinkedIn network -- Use LinkedIn to job hunt -- Questions? : LinkedIn has answers -- Answers? : LinkedIn has questions -- Using LinkedIn on the job -- LinkedIn makes the grade for students and new grads -- Facebook, Twitter, and Google+ -- Facebook: not just for networking socially -- Twitter your way to that new job -- Google+ : the new kid on the block. |
| 650 ## - SUBJECT ADDED ENTRY--TOPICAL TERM | |
| Topical term or geographic name as entry element | Job hunting |
| General subdivision | Computer network resources. |
| 650 ## - SUBJECT ADDED ENTRY--TOPICAL TERM | |
| Topical term or geographic name as entry element | Online social networks. |
| 650 ## - SUBJECT ADDED ENTRY--TOPICAL TERM | |
| Topical term or geographic name as entry element | Facebook (Electronic resource). |
| 700 ## - ADDED ENTRY--PERSONAL NAME | |
| Personal name | Schepp, Brad. |
| 942 ## - ADDED ENTRY ELEMENTS (KOHA) | |
| Source of classification or shelving scheme | Library of Congress Classification |
| Koha item type | Books |
| Call number prefix | Foreign |
| Withdrawn status | Lost status | Source of classification or shelving scheme | Damaged status | Home library | Current library | Shelving location | Date acquired | Total Checkouts | Full call number | Barcode | Date last seen | Copy number | Price effective from | Koha item type |
|---|---|---|---|---|---|---|---|---|---|---|---|---|---|---|
| Library of Congress Classification | College Library | College Library | Reserve Section | 11/16/2013 | HF 5382.7 .Sc34 2012 | C17115 | 05/15/2018 | 1 | 11/16/2013 | Books | ||||
| Library of Congress Classification | College Library | College Library | Reserve Section | 11/22/2013 | HF 5382.7 .Sc34 2012 | C17150 | 05/15/2018 | 2 | 11/22/2013 | Books | ||||
| Library of Congress Classification | College Library | College Library | Reserve Section | 11/25/2013 | HF 5382.7 .Sc34 2012 | C17207 | 05/15/2018 | 3 | 11/25/2013 | Books |